Sulla missione del dotto (Record no. 63691)

MARC details
000 -LEADER
campo de control de longitud fija 00567nam a2200169 i 4500
001 - NÚMERO DE CONTROL
campo de control 63691
003 - IDENTIFICADOR DE NÚMERO DE CONTROL
campo de control ES-MaACL
005 - FECHA Y HORA DE LA ÚLTIMA TRANSACCIÓN
campo de control 20230906164937.0
007 - CAMPO FIJO DE DESCRIPCIÓN FÍSICA--INFORMACIÓN GENERAL
campo de control de longitud fija t|
008 - DATOS DE LONGITUD FIJA--INFORMACIÓN GENERAL
campo de control de longitud fija 031216s1912 it ||||1| ita d
100 1# - ENTRADA PRINCIPAL--NOMBRE DE PERSONA
Nombre de persona Fichte, Johann Gottlieb (
Fechas asociadas al nombre 1762-1814)
9 (RLIN) 50677
245 10 - MENCIÓN DEL TÍTULO
Título Sulla missione del dotto
Resto del título : cinque letture /
Mención de responsabilidad, etc. Johann Gottlieb Fichte ; tradotte da Elsa Roncali ; prefazione de Giulio Vitali.
260 ## - PUBLICACIÓN, DISTRIBUCIÓN, ETC.
Lugar de publicación, distribución, etc. Lanciano :
Nombre del editor, distribuidor, etc. [s.n.],
Fecha de publicación, distribución, etc. 1912 (
Fabricante R. Carabba)
700 1# - ENTRADA AGREGADA--NOMBRE PERSONAL
Nombre de persona Roncali, Elsa.
9 (RLIN) 99498
700 1# - ENTRADA AGREGADA--NOMBRE PERSONAL
Nombre de persona Vitali, Giulio.
9 (RLIN) 115506
852 ## - LOCALIZACIÓN
Ubicación ES-MaACL
Número de control de estantería F-8775
Holdings
Estatus retirado Estado de pérdida Estado de daño No para préstamo Biblioteca de origen Biblioteca actual Ubicación en estantería Fecha de adquisición Fuente de adquisición Total de préstamos Signatura topográfica completa Código de barras Visto por última vez Precio de reemplazo Tipo de ítem Koha
        Biblioteca del Ateneo de Madrid Biblioteca del Ateneo de Madrid Sala Pecera Planta 2 17/01/2008     F-8775 1066751 23/02/2023 23/02/2023 Libro impreso